| 000 | 00355nam a22001337a 4500 | ||
|---|---|---|---|
| 082 | _aP-312 | ||
| 100 |
_aFaseel Suleman _948051 |
||
| 245 | _aSeepage Analysis of Ghazi Brotha Hydro Power Project Session 2003 - 2006 | ||
| 260 |
_aRisalpur Cantt _bMCE |
||
| 300 | _aP 138 | ||
| 526 |
_a0 _b0 _c0 _dP_312 |
||
| 700 |
_aTanvir Anjum _948052 |
||
| 942 |
_2ddc _cBK |
||
| 999 |
_c551092 _d551092 |
||